Score 0/8 Timer 03:00
30 Plays Today
% Correct
Ronald Reagan
90.3%
George W. Bush
86.8%
Lyndon B. Johnson
82.5%
James A. Garfield
80.2%
Franklin D. Roosevelt
79.3%
William Henry Harrison
72.1%
William McKinley
60.6%
Calvin Coolidge
57.6%
Remove Ads.
Support Sporcle.
Get the best of Sporcle when you Go Orange. This ad-free experience offers more features, more stats, and more fun while also helping to support Sporcle. Thank you for becoming a member.

You're not logged in!

Compare scores with friends on all Sporcle quizzes.
OR
Log In

Show Comments

Extras

Top Quizzes Today


Score Distribution

Your Account Isn't Verified!

In order to create a playlist on Sporcle, you need to verify the email address you used during registration. Go to your Sporcle Settings to finish the process.

Report this User

Report this user for behavior that violates our Community Guidelines.

Details: